000 00371nam a2200145Ia 4500
008 150201s2008 xx 000 0 und d
082 _a610
_bC08S
100 _aSATPATHY, M.
245 _aCLINICAL DIAGNOSIS OF CONGENTAL HEART DISEASE
250 _a1ST
260 _bJAYPEE BROTHERS
_aDELHI
_c2008
300 _a1-372
650 _aMEDICINE AND DIAGNOSIS
942 _2ddc
_cBK
999 _c199
_d199